00424nam a2200133 a 450000500170000000800410001705000240005810000180008224500310010044000140013165000120014599900190015795201140017620140414132117.0111117s19uu xx 00 eng d aREF 591.5bAN5 2007 aParker, Helen aAnimal picture dictionary. aMy 2 in 1 aHabitat c114959d114959 001040aMUbMUcREFd2011-11-17eDonationl0oREF 591.5 AN5 2007pM6901r2014-04-14 00:00:00w2014-04-14yBK